UFC Heavyweight Champions - Sudden Death - Statistics

General Stats
  • This quiz has been taken 886 times
  • The average score is 7 of 18
Answers on the Grid
Answers color-coded by a green-red scale on the quiz's grid according to % correct below.
Stipe Miocic
Facricio Werdum
Alistair Overeem
Cain Velasquez
Jiri Prochazka
Randy Couture
Derrick Lewis
Josh Barnett
Chuck Liddell
Mark Coleman
Francis Ngannou
Maurice Smith
Rashad Evans
Tai Tuivasa
Frank Mir
Curtis Blaydes
Brock Lesnar
Shane Carwin
Gabriel Gonzaga
Jairzinho Rozenstruik
Cyril Gane
Junior Dos Santos
Mark Hunt
Jon Jones
Tito Ortiz
Antonio Rodrigo Nogueira
Ricco Rodriguez
Alexander Gustafsson
Tim Sylvia
Kevin Randleman
 
Answer Stats
Answer % Correct
Stipe Miocic
93%
Cain Velasquez
63%
Francis Ngannou
57%
Facricio Werdum
50%
Jon Jones
49%
Randy Couture
47%
Brock Lesnar
46%
Junior Dos Santos
37%
Frank Mir
35%
Mark Coleman
32%
Kevin Randleman
27%
Tim Sylvia
25%
Antonio Rodrigo Nogueira
24%
Josh Barnett
23%
Maurice Smith
20%
Cyril Gane
19%
Ricco Rodriguez
19%
Shane Carwin
18%
No matching quizzes found
Score Distribution
Percent of People with Each Score
Percentile by Number Answered
Your Score History
You have not taken this quiz